| 000 | 00488nam a2200157Ia 4500 | ||
|---|---|---|---|
| 008 | 170221s9999 xx 000 0 und d | ||
| 100 | _aNdoma J. Brown | ||
| 245 | _aMorphology of Pictorial News: The Chameleonic Attributes | ||
| 245 | _cNdoma J. Brown, Chris Chimdubem Ngwu | ||
| 260 | _bStudies in Media and Communication | ||
| 260 | _c2012 | ||
| 300 | _a9 : | ||
| 650 | _xCommunication | ||
| 650 | _xMedia Arts | ||
| 856 | _uhttp://redfame.com/journal/index.php/smc/issue/view/31 | ||
| 999 |
_c308964 _d308964 |
||